000 00395pab a2200133 454500
008 180718b1986 xxu||||| |||| 00| 0 eng d
100 _aStewart, Marion B.
245 _aU.S. tax policy, intrafirm transfers and the allocative efficiency of transnational corporations
260 _c1986
300 _a350-71
650 _aTaxation - Policy - U.S.A.
773 _aPublic Finance
909 _a19055
999 _c19055
_d19055